00458nam a22001817a 450000500170000000800410001702000180005804100080007608200120008410000560009624500390015225000090019126000240020030000110022465000190023594200070025499900150026120200521123010.0200521b xxu||||| |||| 00| 0 eng d a9780007583195 aeng a301 HAR aHaralambos, Michael Holborn, Matin and others95689 aSociology: Themes and perspectives a8'th aU.KbHarper Collins a1195p. aSocilogy95690 cBK c6378d6376